000 00678nam a2200289Ia 4500
005 20260324131718.0
008 008 260324s9999 xx 000 0 eng d
020 _a9781315810492
037 _aEBOOK
040 _aCRL
040 _beng
040 _cCRL
041 _2eng
041 _aeng
084 _qCRL
100 _aKevin O'Rourke
_9672785
245 2 _aA Shijo Poet at the Court of King Sonjo
245 4 _bThe Pine River Songs
260 _bTaylor and Francis
260 _c2005
365 _a
365 _b145
856 _uhttp://www.taylorfrancis.com/books/9781315810492
942 _cEBOOK
999 _c1783970
_d1783970